Normal view
MARC view
Entry Personal Name
001 - CONTROL NUMBER
- control field: 23640
003 - CONTROL NUMBER IDENTIFIER
- control field: ARRUPE
005 - DATE AND TIME OF LATEST TRANSACTION
- control field: 20160407123811.0
008 - FIXED-LENGTH DATA ELEMENTS
- fixed length control field: 160407|| aca||aabn | a|a d
040 ## - CATALOGING SOURCE
- Original cataloging agency: ARRUPE
- Transcribing agency: ARRUPE
100 ## - HEADING--PERSONAL NAME
- Personal name: Barba, Eugenio,
- Relator term: ed.
670 ## - SOURCE DATA FOUND
- Source citation: Work cat.: (ARRUPE)0: Grotowski, Jerzy, 1933-1999. 23639, Towards a poor theatre;, 1975.